| 000 | 01192nam a2200349 i 4500 | ||
|---|---|---|---|
| 001 | 11653 | ||
| 003 | KOSZ 005 | ||
| 005 | 20221021092443.0 | ||
| 008 | 071020s1968 pl a f 001 0 pol | ||
| 015 | _aPB 1969/104 | ||
| 035 | _a(OCoLC)812765435 | ||
| 040 |
_aWA N _cWA N _dKOSZ 005/HR |
||
| 046 | _k1968 | ||
| 080 | _a621.74 | ||
| 100 | 1 |
_aSzreniawski, Janusz _eAutor |
|
| 245 | 1 | 0 |
_aPiaskowe formy odlewnicze : _bpodstawy teoretyczne i wytyczne dla praktyki / _cJanusz Szreniawski. |
| 260 |
_aWarszawa : _bWydawnictwa Naukowo-Techniczne, _c1968. |
||
| 300 |
_a439, [1] s., [1] k. tabl. : _bil., err. ; _c25 cm. |
||
| 336 |
_2rdacontent _aTekst _btxt |
||
| 337 |
_2rdamedia _aBez urządzenia pośredniczącego _bn |
||
| 338 |
_2rdacarrier _aWolumin _bnc |
||
| 380 | _aKsiążki | ||
| 388 | _a1901-2000 | ||
| 388 | _a1945-1989 | ||
| 504 | _aBibliogr. s. 433-[436]. Indeks. | ||
| 650 | 4 | _aFormierstwo | |
| 650 | 4 | _aOdlewnictwo | |
| 658 | _aInżynieria i technika | ||
| 710 | 2 |
_aWydawnictwa Naukowo-Techniczne _4pbl. |
|
| 856 |
_uhttp://koha.tu.koszalin.pl/cgi-bin/koha/opac-detail.pl?biblionumber=11653 _yKatalog online BPK |
||
| 942 |
_2UKD _cKS |
||
| 999 |
_c11653 _d11653 |
||